logo

Bir Sreshtho Munshi Abdur Rouf Library
Jhenaidah Cadet College

মুক্তিযুদ্ধের কিশোর ইতিহাস : (Record no. 11234)

MARC details
000 -LEADER
fixed length control field 00911nam a2200229 a 4500
001 - CONTROL NUMBER
JCCL Control Number 11234
003 - CONTROL NUMBER IDENTIFIER
JCCL marc code BD-JhCC
005 - DATE AND TIME OF LATEST TRANSACTION
control field 20190806195814.0
008 - FIXED-LENGTH DATA ELEMENTS--GENERAL INFORMATION
fixed length control field 190606s 2017bg a|||| ||a| 000 0 ben d
020 ## - INTERNATIONAL STANDARD BOOK NUMBER
International Standard Book Number 9847009604409
035 ## - SYSTEM CONTROL NUMBER
system control number (BD-JhCC)11234
040 ## - CATALOGING SOURCE
Original cataloging agency BD-JhCC
Modifying agency BD-JhCC
041 ## - LANGUAGE CODE
Language code of Book ben
082 ## - DEWEY DECIMAL CLASSIFICATION NUMBER
Classification number 954.9205
Author mark and Year ALT 2017
100 ## - MAIN ENTRY--PERSONAL NAME
Personal name আলতমাস, মাহবুব
245 ## - TITLE STATEMENT
Title মুক্তিযুদ্ধের কিশোর ইতিহাস :
Remainder of title ফেনী জেলা /
Statement of responsibility, etc মাহবুব আলতমাস, আমিনুর রহমান সুলতান (সম্পা)
260 ## - PUBLICATION, DISTRIBUTION, ETC. (IMPRINT)
Place of publication, distribution, etc ঢাকা:
Name of publisher, distributor, etc তাম্রলিপি;
Date of publication, distribution, etc ২০১৭.
300 ## - PHYSICAL DESCRIPTION
Pagination ১৪৩ পৃ. :
Other physical details ill;
Dimensions ২২ সেমি.
650 ## - SUBJECT ADDED ENTRY--TOPICAL TERM
Topical term or geographic name as entry element Liberation war
General subdivision juvenile
Chronological subdivision 1971
Geographic subdivision Bangladesh
700 ## - ADDED ENTRY--PERSONAL NAME
Personal name সুলতান, আমিনুর রহমান
942 ## - ADDED ENTRY ELEMENTS (KOHA)
Source of classification or shelving scheme Dewey Decimal Classification
Koha item type Books
Holdings
Source of classification or shelving scheme Damaged status Not for loan Home library Current library Shelving location Date of accession Cost, normal purchase price Total Checkouts Full call number Barcode Date last seen Copy number Koha item type
Dewey Decimal Classification     JCC Rouf Library JCC Rouf Library General Stacks 06/06/2019 191.00   954.9205 ALT 2017 15396 08/06/2019 C-1 Books

JCC Library | Contacts | JCC Home

Last Update on 23 September 2017
Copyright @ 2017-2020 JCC Rouf Library
Rouf Library, Jhenidah Cadet College (JCC), Bangladesh